000
00275nam a22001097a 4500
082
_a
218 BER'M
100
_a
BENRILL, N. J
_9
59478
245
_a
MAN'S EMERGING MIND THE STORY OF MAN'S PROGRESS THROUGH TIME
260
_a
LONDON
_b
FAWCETT
_c
1957
300
_a
240P
942
_c
BK
999
_c
569447
_d
569447